Marcatori dell'Italia ai Mondiali - Italia 1990 - Statistics

Statistiche generali
  • Questo quiz è stato fatto 26 volte
  • Il punteggio medio è 8 su 10
Statistiche sulle risposte
Partita Minuto Marcatore % Corretto
Italia - Austria 1-0 78' Salvatore Schillaci
91%
Italia - Cecoslovacchia 2-0 9' Salvatore Schillaci
91%
Italia - Uruguay 2-0 65' Salvatore Schillaci
91%
Italia - Irlanda 1-0 38' Salvatore Schillaci
91%
Italia - Argentina 4-5 (d.c.r.) 18' Salvatore Schillaci
91%
Italia - Inghilterra 2-1 86' Salvatore Schillaci
91%
Italia - Cecoslovacchia 2-0 78' Roberto Baggio
87%
Italia - Inghilterra 2-1 71' Roberto Baggio
87%
Italia - Uruguay 2-0 83' Aldo Serena
61%
Italia - Stati Uniti 1-0 11' Giuseppe Giannini
57%
Nessun quiz corrispondente trovato
Distribuzione punteggi
Percentuale di utenti per punteggio
Percentile per numero di risposta
I tuoi punteggi nel tempo
Non hai fatto questo quiz